Celebrity Baby Names - Statistics

General Stats
  • This quiz has been taken 936 times
  • The average score is 27 of 88
Answer Stats
Hint Answer % Correct
Gwyneth Paltrow & Chris Martin (girl) Apple Blythe Alison
79%
David & Victoria Beckham (boy) Brooklyn Joseph
75%
Beyonce Knowles & Jay-Z (girl) Blue Ivy
71%
Will Smith & Jada Pinkett Smith (girl) Willow Camille Reign
71%
Pink (Alicia Moore) & Carey Hart (girl) Willow Sage
71%
Neil Patrick Harris & David Burtka (girl) Harper Grace
70%
David & Victoria Beckham (girl) Harper Seven
70%
David & Victoria Beckham Romeo James
65%
Will Smith (boy) Jaden Christopher Syre
64%
Angelina Jolie & Brad Pitt (girl) Shiloh Nouvel
64%
Tom Cruise & Katie Holmes (girl) Suri
59%
Michael Jackson & Debbie Rowe (girl) Paris Michael Katherine
57%
David & Victoria Beckham (boy) Cruz David
56%
Kourtney Kardashian & Scott Disick (boy) Mason Dash
56%
Angelina Jolie & Brad Pitt (boy) Maddox Chivan
55%
Jennifer Garner & Ben Affleck (girl) Violet Anne
53%
Angelina Jolie & Brad Pitt (girl) Vivienne Marcheline
53%
David Arquette & Courteney Cox (girl) Coco Riley
50%
Michael Jackson & Debbie Rowe (boy) Prince Michael
50%
Cher & Sonny Bono (girl turned boy) Chastity
49%
Angelina Jolie & Brad Pitt (boy) Pax Thien
48%
Bruce Willis & Demi Moore (girl) Rumer Glenn
46%
Angelina Jolie & Brad Pitt (boy) Knox Leon
44%
Gwyneth Paltrow & Chris Martin (boy) Moses Bruce Anthony
44%
Kim Basinger & Alec Baldwin (girl) Ireland
43%
Jennifer Garner & Ben Affleck (girl) Seraphina Rose
41%
Angelina Jolie & Brad Pitt (girl) Zahara Marley
41%
Nicole Kidman & Keith Urban (girl) Sunday Rose
38%
Mariah Carey & Nick Cannon (girl) Monroe
35%
Jennifer Garner & Ben Affleck (boy) Samuel Garner
35%
Bruce Willis & Demi Moore (girl) Scout LaRue
34%
Heath Ledger & Michelle Williams (girl) Matilda Rose
32%
Bruce Willis & Demi Moore (girl) Tallulah Belle
31%
Jessica Alba & Cash Warren (girl) Honor Marie
30%
Jamie Oliver & Juliette Norton (girl) Poppy Honey
30%
Jamie Oliver & Juliette Norton (girl) Daisy Boo
28%
Nicole Richie & Joel Madden (girl) Harlow Winter Kate
28%
Gwen Stefani & Gavin Rossdale (boy) Kingston James McGregor
28%
Gwen Stefani & Gavin Rossdale (boy) Zuma Nesta Rock
28%
Julia Roberts & Danny Moder (girl) Hazel Patricia
27%
Mariah Carey & Nick Cannon (boy) Morrocan Scott
27%
Alicia Silverstone (boy) Bear Blu
26%
Julia Roberts & Danny Moder (boy) Phinneaus Walter
26%
Nicole Richie & Joel Madden (boy) Sparrow James Midnight
25%
Fergie & Josh Duhamel (boy) Axl Jack
24%
Nicole Kidman & Keith Urban (girl) Faith Margaret
24%
Jessica Alba & Cash Warren (girl) Haven Garner
24%
Matthew McConaughey & Camilla Alves (boy) Levi Alves
24%
Frank & Adelaide Zappa (girl) Moon Unit
24%
Ashlee Simpson & Pete Wentz (boy) Bronx Mowgli
23%
Sarah Jessica Parker & Matthew Broderick (girl) Tabitha Hodge
22%
Jamie Oliver & Juliette Norton (boy) Buddy Bear Maurice
21%
Channing & Jenna Tatum (girl) Everly
20%
Matt & Luciana Damon (girl) Isabella
20%
Nicolas Cage & Alice Kim (boy) Kal-El Coppola
20%
Kate Hudson & Chris Robinson (boy) Ryder Russell
19%
Kate Hudson & Matthew Bellamy (boy) Bingham Hawn
18%
Sarah Jessica Parker & Matthew Broderick (girl) Marion Loretta Elwell
18%
Charlie Sheen & Brooke Mueller (boy) Max
18%
Jamie Oliver & Juliette Norton (girl) Petal Blossom Rainbow
18%
Sylvester Stallone (girl) Sophia Rose
17%
Neil Patrick Harris & David Burtka (boy) Gideon Scott
16%
Matthew McConaughey & Camilla Avles (girl) Vida Alves
16%
Natalie Portman & Benjamin Millepied (boy) Aleph
15%
Dax Shephard & Kristen Bell (girl) Lincoln
15%
Matthew McConaughey & Camilla Alves (boy) Livingston Alves
15%
Jason Lee & Beth Riesgraf (boy) Pilot Inspektor
15%
Rebecca Romijn & Jerry O'Connell (girl) Charlie Tamara Tulip
14%
Matt & Luciana Damon (girl) Stella Zavala
14%
Frank & Adelaide Zappa (boy) Ian Donald Calvin Euclid "Dweezil"
13%
Casey Affleck & Summer Phoenix (boy) Indiana August
13%
Charlie Sheen & Brooke Mueller (boy) Bob
12%
Matt & Luciana Damon (girl) Gia
12%
Sylvester Stallone (girl) Sage Moonblood
12%
Sylvester Stallone (girl) Sistine Rose
11%
Rebecca Romijn & Jerry O'Connell (girl) Dolly Rebecca Rose
10%
Sylvester Stallone (girl) Scarlet Rose
9%
Jimmy Fallon (girl) Winnie Rose
9%
Richard Gere & Carey Lowell (boy) Homer James Jigme
8%
Taye Diggs & Idina Menzel (boy) Walker Nathaniel
8%
Penn & Emily Jilette (girl) Moxie Crimefighter
7%
Frank & Adelaide Zappa (girl) Diva Muffin
5%
Frank & Adelaide Zappa (boy) Ahmet Emuukha Rodan
4%
Drea de Matteo & Shooter Jennings (girl) Alabama Gypsyrose
4%
Rachel Griffiths & Patrick Taylor (boy) Banjo Patrick
4%
Bono Vox (Paul Hewson) & Alison (boy) Elijah Bob Patricus Guggi Q
4%
Sylvester Stallone (boy) Seargeoh
4%
Drea de Matteo & Shooter Jennings (boy) Waylon Albert "Blackjack"
3%
No matching quizzes found
Score Distribution
Percent of People with Each Score
Percentile by Number Answered
Your Score History
You have not taken this quiz